000
00309nam a2200133 4500
008
190522s2008||||xo d
100
1
_a
Gaulden Albert
_9
1129
245
1
0
_a
Znamení a zázraky
250
_a
1.vydanie
260
_b
Arimes
_a
Bratislava
_c
2008
020
_c
0
041
1
_a
slo
044
_a
xo
_c
SK
999
_c
22430
_d
22430